Loading...
| Religion | 0 | 5 | 0 | 1 | 50 | 68 | 100.40 | 3 | 5 |
| History - Other History | 0 | 4 | 0 | 0 | 40 | 33 | 46.25 | 2 | 4 |
| History - American History | 0 | 4 | 0 | 2 | 40 | 71 | 95.50 | 1 | 4 |
| History - World History | 0 | 4 | 0 | 1 | 40 | 22 | 55.50 | 3 | 4 |
| Social Science | 0 | 4 | 1 | 0 | 35 | 40 | 58.00 | 3 | 4 |
| Science - Other Science | 0 | 3 | 0 | 0 | 30 | 15 | 43.67 | 2 | 3 |
| Philosophy | 0 | 3 | 1 | 0 | 25 | 58 | 71.67 | 2 | 3 |
| History - European History | 0 | 2 | 0 | 1 | 20 | 91 | 102.50 | 1 | 2 |
| Science - Physics | 0 | 2 | 0 | 0 | 20 | 74 | 85.00 | 0 | 2 |
| Fine Arts - Other Fine Arts | 0 | 2 | 0 | 1 | 20 | 90 | 108.00 | 1 | 2 |
| Other Academic | 0 | 2 | 1 | 0 | 15 | 27 | 55.50 | 2 | 2 |
| Literature - World/Other Literature | 0 | 1 | 0 | 0 | 10 | 102 | 102.00 | 1 | 1 |
| Fine Arts - Visual Fine Arts | 0 | 1 | 0 | 0 | 10 | 88 | 88.00 | 0 | 1 |
| Geography/Current Events | 0 | 1 | 0 | 1 | 10 | 125 | 125.00 | 1 | 1 |
| Science - Chemistry | 0 | 1 | 0 | 1 | 10 | 119 | 119.00 | 0 | 1 |
| Fine Arts - Classical Music | 0 | 1 | 1 | 0 | 5 | 70 | 70.00 | 1 | 1 |